Characters from "camping" on Roblox - Statistics

General Stats
  • This quiz has been taken 11 times
    4 since last reset
  • The average score is 17 of 26
Answer Stats
Games Answer % Correct
Camping, Camping 2,Camping 3 Park Ranger Daniel
100%
Mansion Emma Logan
75%
Mansion, Hotel, Camping 3 Limbo
75%
Camping 3 Mousey
75%
Camping, Camping 2,Camping 3 Nightmare
75%
Camping, Camping 3 Park Ranger Steve
75%
Mansion, Hotel, Camping 3 The father
75%
Mansion, Hotel, Camping 3 The first daughter
75%
Mansion, Hotel, Camping 3 The mother
75%
Hotel The receptionist
75%
Mansion, Hotel, Camping 3 The second daughter
75%
Mansion, Hotel, Camping The son
75%
Mansion, Hotel,Camping 2, Camping 3 Zach Nolan / Jack Logan
75%
Camping 3 "A monster"
50%
Camping Bear
50%
Camping Deer
50%
Camping 3 Firefly
50%
Camping Frog
50%
Hotel Police officer 1
50%
Hotel Police officer 2
50%
Hotel Rat
50%
Mansion Shadow figure in the window of Meavel Mansion
50%
Mansion Skeleton cat
50%
Camping 2 Snake
50%
Mansion Spider
50%
Camping 2 Teddy
50%
No matching quizzes found
Score Distribution
Percent of People with Each Score
Percentile by Number Answered
Your Score History
You have not taken this quiz since the last reset